000 00483cam a22001934a 4500
005 20250605164303.0
008 250528s ||||||||||||||||||||||||d
035 _a22177
020 _a9789603742678
040 _aGR-AtMCL
_bgre
_dGR-AtMCL
_eAACR2
245 1 _aΜΥΣΤΙΚΗ ΟΠΤΙΚΗ
250 _a1
260 _bΠαρατηρητής,
_c2003
300 _a95
700 1 _aΤαμπανογλου Βουλα
_98042
942 _cBK
999 _c7233
_d7233